The ecology of waste water treatment/ (Record no. 19037)

MARC details
000 -LEADER
fixed length control field 01109nam a2200385 a 4500
001 - CONTROL NUMBER
control field vtls000013700
003 - CONTROL NUMBER IDENTIFIER
control field NLI
005 - DATE AND TIME OF LATEST TRANSACTION
control field 20210601181531.0
008 - FIXED-LENGTH DATA ELEMENTS--GENERAL INFORMATION
fixed length control field 101125s1963 enk 000 0 eng
020 ## - INTERNATIONAL STANDARD BOOK NUMBER
Terms of availability £ 42.00
039 #9 - LEVEL OF BIBLIOGRAPHIC CONTROL AND CODING DETAIL [OBSOLETE]
-- 201011250107
-- VLOAD
040 0# - CATALOGING SOURCE
Original cataloging agency NLI
Language of cataloging eng
Transcribing agency VERGIS-2003
041 0# - LANGUAGE CODE
Language code of text/sound track or separate title eng
044 ## - COUNTRY OF PUBLISHING/PRODUCING ENTITY CODE
MARC country code enk
082 04 - DEWEY DECIMAL CLASSIFICATION NUMBER
Classification number 628.34
100 1# - MAIN ENTRY--PERSONAL NAME
Personal name Hawkes, H.A.
Fuller form of name Herbert Aubrey
9 (RLIN) 51734
245 14 - TITLE STATEMENT
Title The ecology of waste water treatment/
Statement of responsibility, etc. H.A. Hawkes
260 ## - PUBLICATION, DISTRIBUTION, ETC.
Place of publication, distribution, etc. Oxford:
Name of publisher, distributor, etc. Prgamon Press,
Date of publication, distribution, etc. c1963
300 ## - PHYSICAL DESCRIPTION
Extent ix, 203 p.:
Other physical details ill.;
Dimensions 23 cm.
500 ## - GENERAL NOTE
General note Includes index
504 ## - BIBLIOGRAPHY, ETC. NOTE
Bibliography, etc. note Bibliography: p. 185-194
650 #0 - SUBJECT ADDED ENTRY--TOPICAL TERM
Topical term or geographic name entry element Sewage disposal
9 (RLIN) 3285
650 #0 - SUBJECT ADDED ENTRY--TOPICAL TERM
Topical term or geographic name entry element Sewage
General subdivision Purification
-- Biological treatment
9 (RLIN) 51735
650 #0 - SUBJECT ADDED ENTRY--TOPICAL TERM
Topical term or geographic name entry element Sewerage
9 (RLIN) 49092
650 #0 - SUBJECT ADDED ENTRY--TOPICAL TERM
Topical term or geographic name entry element Sewage
General subdivision Purification
-- oxidation
9 (RLIN) 51736
887 ## - NON-MARC INFORMATION FIELD
Content of non-MARC field Sivankalai S.
901 ## - LOCAL DATA ELEMENT A, LDA (RLIN)
a 366315
b 05/09/1964
902 ## - LOCAL DATA ELEMENT B, LDB (RLIN)
a E 628.34 H 313
903 ## - LOCAL DATA ELEMENT C, LDC (RLIN)
a 03/03/2004
904 ## - LOCAL DATA ELEMENT D, LDD (RLIN)
a Sivankalai S.
906 ## - LOCAL DATA ELEMENT F, LDF (RLIN)
a 012637
949 ## - LOCAL PROCESSING INFORMATION (OCLC)
-- VIRTUAITEM
-- 10000
-- 1
-- 100
6 PUR000366315ENG
a E 628.34 H313
942 ## - ADDED ENTRY ELEMENTS (KOHA)
Source of classification or shelving scheme Dewey Decimal Classification
Koha item type Books
Holdings
Withdrawn status Lost status Damaged status Not for loan Collection code Home library Current library Shelving location Date acquired Total Checkouts Full call number Barcode Date last seen Price effective from Koha item type
        New English National Library of India National Library of India New English - Main Stack Division     E 628.34 H 313 PUR000366315ENG 01/06/2021 01/06/2021 Books
                                                                           
web counter

Copyright ©2020 The National Library of India, Govt. of India ↔ Hosted by NVLI, MOC ↔ Technology and Design by National Library of India, Ministry of Culture, Govt. of India